000 00892nam a22002417a 4500
999 _c14063
_d14063
003 AR-CdUCM
008 190417b ||||| |||| 00| 0 spa d
040 _aMUNICIPALIDAD PROVINCIAL DEL CUSCO
_cBIBLIOTECA MUNICIPAL DEL CUSCO
041 _hpor
082 _aES / 868.9 /
_bM84
_26ed.
100 _aMonteiro Lobato, José Bento
_932736
245 _aLas travesuras de naricita /
260 _aBuenos Aires :
_bLosada,
_c1958.
300 _a151 páginas ;
_bIlustraciones,
_c20 cm.
440 _n1
_99124
505 _aContenido: Naricita respingada -- La quinta del "Benteveo" -- El marqués de Rabicó -- El matrimonio de Naricita -- Las aventuras de príncipe.
650 _aSiglo XX
_98
650 _aCuentos infantiles brasileños
_932737
650 _aLiteratura brasilera
_913828
700 _aPrieto, Ramón (traductor)
_932738
942 _2ddc
_cLIBROS
945 _acmm
_d2019-04-17